TB. OF MICROBIOLOGY (Record no. 14112)
[ view plain ]
| 000 -LEADER | |
|---|---|
| fixed length control field | 00294nam a22001457a 4500 |
| 003 - CONTROL NUMBER IDENTIFIER | |
| control field | SGT |
| 082 ## - DEWEY DECIMAL CLASSIFICATION NUMBER | |
| Classification number | 616.01 |
| Item number | M17A |
| 100 ## - MAIN ENTRY--PERSONAL NAME | |
| Personal name | AROAR, D.R. |
| 245 ## - TITLE STATEMENT | |
| Title | TB. OF MICROBIOLOGY |
| 250 ## - EDITION STATEMENT | |
| Edition statement | 5TH |
| 260 ## - PUBLICATION, DISTRIBUTION, ETC. (IMPRINT) | |
| Place of publication, distribution, etc | INDIA |
| Name of publisher, distributor, etc | CBS |
| Year of Publication | 2017 |
| 300 ## - PAGE DESCRIPTION | |
| No. of Pages | 682 |
| 650 ## - SUBJECT ADDED ENTRY--TOPICAL TERM | |
| Topical term or geographic name as entry element | MICROBIOLOGY |
| 942 ## - ADDED ENTRY ELEMENTS (KOHA) | |
| Source of classification or shelving scheme | Dewey Decimal Classification |
| Koha item type | Books |
| 942 ## - ADDED ENTRY ELEMENTS (KOHA) | |
| -- | 52 |
| Withdrawn status | Lost status | Source of classification or shelving scheme | Damaged status | Not for loan | Collection code | Home library | Current library | Shelving location | Date acquired | Vendor Name | Cost, normal purchase price | SGTU | Bill Number | Total Checkouts | Full call number | Accession No. (Barcode) | Date last seen | Date last borrowed | Bill Date | Koha item type |
|---|---|---|---|---|---|---|---|---|---|---|---|---|---|---|---|---|---|---|---|---|
| Dewey Decimal Classification | MEDICAL | SGT Medical Library | SGT Medical Library | Text Book | 21/12/2017 | ABC DELHI | 850.00 | SGTU | 8923 | 19 | 616.01 M17A | FM10176 | 12/02/2026 | 12/02/2026 | Books | |||||
| Dewey Decimal Classification | MEDICAL | SGT Medical Library | SGT Medical Library | Text Book | 21/12/2017 | ABC DELHI | 850.00 | SGTU | 8923 | 13 | 616.01 M17A | FM10177 | 23/05/2024 | 15/05/2024 | Books | |||||
| Dewey Decimal Classification | MEDICAL | SGT Medical Library | SGT Medical Library | Text Book | 21/12/2017 | ABC DELHI | 850.00 | SGTU | 8923 | 9 | 616.01 M17A | FM10178 | 24/02/2020 | 06/02/2020 | Books | |||||
| Dewey Decimal Classification | MEDICAL | SGT Medical Library | SGT Medical Library | Text Book | 21/12/2017 | ABC DELHI | 850.00 | SGTU | 8923 | 9 | 616.01 M17A | FM10179 | 25/10/2025 | 25/10/2025 | Books | |||||
| Dewey Decimal Classification | MEDICAL | SGT Medical Library | SGT Medical Library | Text Book | 21/12/2017 | ABC DELHI | 850.00 | SGTU | 8923 | 37 | 616.01 M17A | FM10180 | 31/05/2024 | 30/05/2024 | Books |